| 000 | 00459nab a2200145Ia 4500 | ||
|---|---|---|---|
| 003 | ES-SlBCS | ||
| 005 | 20210601130447.0 | ||
| 008 | 140529s1957 xxu||||| |||| 00| 0 fre d | ||
| 041 | _afre | ||
| 100 | 1 |
_aGouhier, Henri _911023 |
|
| 245 | 0 | 0 |
_aL'analyse historique selon Auguste Comte _c Henri Gouhier |
| 600 | 1 |
_aComte, Auguste-Análisis Histórico _9173275 |
|
| 773 | 0 |
_tGiornali di Metafisica _gvol. 12, nº. 5, 1957, págs. 579-589 _w0017-0372 |
|
| 942 | _cAR | ||
| 999 |
_c547072 _d547072 |
||